MARC details
| 000 -CABECERA |
| campo de control de longitud fija |
00791nam a2200229 a 4500 |
| 005 - FECHA Y HORA DE LA ÚLTIMA TRANSACCIÓN |
| campo de control |
20250430063805.0 |
| 008 - ELEMENTOS DE LONGITUD FIJA--INFORMACIÓN GENERAL |
| campo de control de longitud fija |
021011s1996 mx r 000 0 spa d |
| 020 ## - NÚMERO INTERNACIONAL NORMALIZADO PARA LIBROS |
| Número Internacional Estándar del Libro |
8470439510 |
| 035 ## - NÚMERO DE CONTROL DEL SISTEMA |
| Número de control de sistema |
UPN01000120112 |
| 049 ## - COLECCIÓN |
| Colección |
CG |
| 050 #4 - SIGNATURA TOPOGRÁFICA DE LA BIBLIOTECA DEL CONGRESO |
| Número de clasificación |
PN4717 |
| Número de documento/Ítem |
C6.7 |
| 111 2# - ASIENTO PRINCIPAL--NOMBRE DE REUNION |
| Nombre de congreso/reunión o jurisdicción como elemento de entrada |
Congreso Internacional Prensa en las Aulas |
| Número del congreso/reunión o número de parte o sección |
2o. : |
| Fecha del congreso/reunión |
1995, 12-14 oct.: |
| Sede del congreso/Lugar de la reunión |
Zamora, Esp. |
| 245 10 - MENCIÓN DE TÍTULO |
| Título |
Prensa en las aulas II : |
| Resto del título |
actas del II Congreso Internacional Prensa en las Aulas, Zamora 12-14 de octubre de 1995 / |
| Mención de responsabilidad, etc. |
coord. Donaciano Bartolomé. |
| 260 ## - PUBLICACIÓN, DISTRIBUCIÓN, ETC. |
| Lugar de publicación, distribución, etc. |
Madrid : |
| Nombre del editor, distribuidor, etc. |
CCS, |
| Fecha de publicación, distribución, etc. |
1996. |
| 300 ## - DESCRIPCIÓN FÍSICA |
| Extensión |
421 p. |
| 440 #0 - MENCIÓN DE SERIE/ASIENTO SECUNDARIO--TÍTULO |
| Título |
Análisis e investigación ; |
| Designación de volumen o secuencia |
2 |
| 650 #4 - ASIENTO SECUNDARIO DE MATERIA - TERMINO TEMATICO |
| Término de materia o nombre geográfico como elemento de entrada |
PERIODISMO EDUCATIVO |
| 9 (RLIN) |
6782 |
| 650 #4 - ASIENTO SECUNDARIO DE MATERIA - TERMINO TEMATICO |
| Término de materia o nombre geográfico como elemento de entrada |
Periodismo |
| 9 (RLIN) |
10230 |
| 700 1# - ASIENTO SECUNDARIO--NOMBRE DE PERSONAL |
| Nombre de persona |
Crespo, Donaciano Bartolomé, |
| Término indicativo de función/relación |
coord. |
| 902 ## - ELEMENTOS DE DATOS B LOCAL, LDB (RLIN) |
| Creó |
BDV/BDV |
| 905 ## - TIPO DE MATERIAL |
| Tipo de material |
Libro |